Synonym Band Names #1 - Statistics

General Stats
  • This quiz has been taken 44 times
  • The average score is 4 of 15
Answer Stats
Hint Answer % Correct
The Entrances The Doors
78%
The Remedy The Cure
73%
Huge Assault Massive Attack
54%
Energy Photon Ensemble Electric Light Orchestra
46%
Wirelessnoggin Radiohead
43%
All Except the Lass Everything But the Girl
38%
The Preserve The Jam
32%
Plumbum Abdomen Lead Belly
14%
The Stratofortresses The B52s
14%
The Sphere The Orb
14%
Monarch Ventriculus and the Squamata Alchemist King Gizzard and the Lizard Wizard
8%
Quadrilateralpresser Squarepusher
8%
Father Shall Consume Selfsame Pop Will Eat Itself
5%
Stupor Catatonia
3%
The Awesome Norsemen The Mighty Vikings
3%
No matching quizzes found
Score Distribution
Percent of People with Each Score
Percentile by Number Answered
Your Score History
You have not taken this quiz